आहुति / (Record no. 115771)

MARC details
000 -LEADER
fixed length control field 01131nam a22002777a 4500
003 - CONTROL NUMBER IDENTIFIER
control field dpl
005 - DATE AND TIME OF LATEST TRANSACTION
control field 20180723121114.0
008 - FIXED-LENGTH DATA ELEMENTS--GENERAL INFORMATION
fixed length control field 180723b xxu||||| |||| 00| 0 eng d
010 ## - LIBRARY OF CONGRESS CONTROL NUMBER
LC control number B-070762
020 ## - INTERNATIONAL STANDARD BOOK NUMBER
Terms of availability 250.00
International Standard Book Number 8188025189
035 ## - SYSTEM CONTROL NUMBER
System control number B-070762, B-070766
037 ## - SOURCE OF ACQUISITION
Source of stock number/acquisition Cen Lib/Ret
040 ## - CATALOGING SOURCE
Original cataloging agency DPL
Language of cataloging HN
Transcribing agency 0
082 ## - DEWEY DECIMAL CLASSIFICATION NUMBER
Classification number
Item number विश्वना
100 ## - MAIN ENTRY--PERSONAL NAME
Personal name विश्वनाथ सत्यनारायण
9 (RLIN) 43912
245 ## - TITLE STATEMENT
Title आहुति /
Statement of responsibility, etc विश्वनाथ सत्यनारायण
246 ## - VARYING FORM OF TITLE
Title proper/short title Aahuti /
Remainder of title by Vishvnath Satyanarayan
260 ## - PUBLICATION, DISTRIBUTION, ETC. (IMPRINT)
Place of publication, distribution, etc दिल्ली
Name of publisher, distributor, etc दिल्ली पुस्तक सदन
Date of publication, distribution, etc 2001
270 ## - ADDRESS
City दिल्ली
Address 30/36, गली नं.-9, विश्वास नगर, शाहदरा
Postal code 110032
300 ## - PHYSICAL DESCRIPTION
Extent 232पृ.
Dimensions 21सेमी (सजिल्द)
650 ## - SUBJECT ADDED ENTRY--TOPICAL TERM
Topical term or geographic name as entry element हिन्दी -- साहित्य
9 (RLIN) 63158
650 ## - SUBJECT ADDED ENTRY--TOPICAL TERM
Topical term or geographic name as entry element हिन्दी -- उपन्यास
9 (RLIN) 63159
650 ## - SUBJECT ADDED ENTRY--TOPICAL TERM
Topical term or geographic name as entry element Hindi -- Literature
9 (RLIN) 63160
650 ## - SUBJECT ADDED ENTRY--TOPICAL TERM
Topical term or geographic name as entry element Hindi -- Fiction
9 (RLIN) 27248
942 ## - ADDED ENTRY ELEMENTS (KOHA)
Source of classification or shelving scheme Dewey Decimal Classification
Koha item type Hindi Books
Classification part
Call number suffix विश्वना
Holdings
Withdrawn status Lost status Damaged status Not for loan Home library Current library Date acquired Source of acquisition Cost, normal purchase price Total Checkouts Full call number Barcode Date last seen Copy number Cost, replacement price Price effective from Koha item type Public note Source of classification or shelving scheme Collection code Date checked out Shelving location
Written off       Central Library Central Library 21/08/2015 Cen Lib/Ret 250.00   उ विश्वना B-070762 21/08/2015 1 250.00 21/08/2015 Hindi Books Written off on approval by DLB (By Circulation); dtd 15-06-2023        
        Patel Nagar Patel Nagar 14/12/2018 BPPD/PUB 250.00   उ विश्वना B-070763 14/12/2018   250.00 14/12/2018 Hindi Books   Dewey Decimal Classification Fiction   General Stacks
        Shahdara Branch Shahdara Branch 23/07/2018 BPPD/PUB 250.00 3 उ विश्वना B-070766 18/05/2024   250.00 23/07/2018 Hindi Books   Dewey Decimal Classification Fiction 29/04/2024  

© Delhi Public Library
Hit Counter
free hit counter